000
00260nam a2200121Ia 4500
008
190216s9999||||xx |||||||||||||| ||und||
100
_a
Leon Uris
245
0
_a
Exodus
260
_b
Corgi Books
_c
1976
300
_a
598
650
_a
English Novel
942
_c
BK
999
_c
12766
_d
12766